000 00478pab a2200169 454500
008 180718b2015 xxu||||| |||| 00| 0 eng d
100 _aAiyar, Yamini
245 _aSpectators or participants? Effects of social audits in Andhra Pradesh (Notes)
260 _c2015
300 _ap.66-71.
362 _a14 Feb
650 _aAudit - India - Andhra Pradesh
650 _aAudit
700 _aMehta, Soumya Kapoor
773 _aEconomic and Political Weekly
909 _a107194
999 _c107189
_d107189